000 00457nam a2200157Ia 4500
999 _c19591
_d19591
003 OSt
005 20200622142333.0
008 190216s9999||||xx |||||||||||||| ||und||
040 _coclc
082 _a954.025
_bRAY/H
100 _aRaychoudhary, S C
_93016
245 0 _aHistory Of Mughals /
_cS C Raychoudhary
260 _bSurjeet Publications,
_c1984.
_aDelhi:
300 _a374p
942 _cBK
_2ddc
_h954.025
_iRAY/H
_k954.025
_mRAY/H